01074nam a2200229 a 4500001001000000003000500010005001700015008004100032010001100073011001100084040000900095100003800104245024400142260004000386500006000426502010400486650003100590650004300621650005200664650005800716856007000774000113188CHAP20220329144342.0170512s2016 mx sm |||||||spa d a109649 a110621 cCHAP1 aPérez Pérez, Eliezer Fernando14aLos campesinos productores de café en el mercado neoliberal:h[En línea]bel caso de la unión de comunidades indígenas productoras agropecuarias Santa Catarina Pantelhó, Chiapas. 1982-2015 /cpor Eliezer Fernando Pérez Pérez. aChiapas, Méx. :bEl autor,c2016. aPara ver el contenido del material haga clic en la liga aTesis (M.C. en Desarrollo Rural Regional) -- UACH. Dirección de Centros Regionales Universitarios14aCaféxMercadeozChiapas.14aCaféxOrganización de productores.14aCafeticultoresxAspectos económicoszChiapas.14aComunidades ruralesxDesarrollo económicozChiapas. aFinding aiduhttp://10.13.5.2/tesis/sist113188.pdfzTeclea aquí